000 01360nam0a22002891 4500
001 rc\2913317
005 20250806211332.0
035 _a(NLR Aleph) 007063886
090 _a43865
_c43865
100 _a20110808d1943 u y0rusy50 ca
101 0 _arus
102 _aRU
105 _aa z |||||
200 1 _aРуководящие указания по работе со стабилизированными с помощью антиокислителей турбинными и трансформаторными маслами
_fСост. С.Э. Крейн. Е.А. Гельд. Е.Н. Домничева
_gНКЭС - СССР. Всесоюз. науч.-исслед. теплотехн. ин-т им. Ф.Э. Дзержинского
210 _aМосква
_aЛенинград
_cГос. энергет. изд-во
_d1943
_eЛенинград
215 _a37, [2] с.
_cил.
_d20 см
320 _aБиблиогр.: "Литература на русском языке" (стр. 38)
700 1 _aКрейн
_bС.Э.
_gСоломон Эфраимович
701 1 _aГельд
_bЕ.А.
701 1 _aДомничева
_bЕ.Н.
801 0 _aRU
_bNLR
_gpsbo
801 1 _aRU
_bELAR
_2rusmarc
852 _aNLR
_jТ44 Г-4/50
942 _cBOOK
945 _aРоссийская национальная библиотека
980 _aNB
980 _aBV